Repetition of estrus is the most frequent reproductive problem after breeding in dairy cattle from Rio de Janeiro, Brazil (Registro n. 329734)
[ somente texto ]
| 000 -LÍDER | |
|---|---|
| fixed length control field | 04025nab a2200325 i 4500 |
| 003 - CÓDIGO MARC DA AGÊNCIA CATALOGADORA | |
| Campo de controle | BR-BrBNA |
| 005 - DATA E HORA DA ÚLTIMA ATUALIZAÇÃO | |
| Campo de controle | 20250129195417.0 |
| 008 - CAMPO DE TAMANHO FIXO | |
| fixed length control field | 250129b2017 bl.mr|pooa||| 00| 0 eng | |
| 040 ## - FONTE DA CATALOGAÇÃO | |
| Agência catalogadora | BR-BrBNA |
| Idioma da catalogação | eng |
| 072 ## - CATEGORIA AGRIS | |
| Código AGRIS | L53 |
| Código do objeto | 5214 |
| 100 ## - ENTRADA PRINCIPAL - NOME PESSOAL | |
| Nome pessoal | Arashiro, Eduardo Kenji Nunes |
| 100 ## - ENTRADA PRINCIPAL - NOME PESSOAL | |
| Nome pessoal | Libonati, Hugo |
| 100 ## - ENTRADA PRINCIPAL - NOME PESSOAL | |
| Nome pessoal | Santos, Gustavo Bervian dos |
| 100 ## - ENTRADA PRINCIPAL - NOME PESSOAL | |
| Nome pessoal | Nogueira, Luiz Altamiro Garcia |
| 100 ## - ENTRADA PRINCIPAL - NOME PESSOAL | |
| Nome pessoal | Souza, Guilherme Nunes de |
| 100 ## - ENTRADA PRINCIPAL - NOME PESSOAL | |
| Nome pessoal | Lilenbaum, Walter |
| 100 ## - ENTRADA PRINCIPAL - NOME PESSOAL | |
| Nome pessoal | Brandão, Felipe Zandonadi |
| 245 ## - TÍTULO PRINCIPAL | |
| Título principal | Repetition of estrus is the most frequent reproductive problem after breeding in dairy cattle from Rio de Janeiro, Brazil |
| 500 ## - NOTA GERAL | |
| Nota geral | Publicação on-line; 15 ref.; Sumaries (En, Pt) |
| 942 ## - ADDED ENTRY ELEMENTS (KOHA) | |
| Koha item type | Analítica |
| 520 ## - NOTA DE RESUMO | |
| Nota de conteúdo | <br/><br/>ABSTRACT - Reproductive efficiency is one of the key elements for any milk production system to be successful. In this regard, reproductive management must be planned properly and the identification of the main reproductive disorders that affect the herd is primordial for decisionmaking. The aim of the present study was to identify the main reproductive problems that affect dairy herds on Rio de Janeiro (RJ), Brazil. Data regarding breed, age, reproductive disorder occurrence, and breeding system were individually collected from dairy cows raised at 25 farms located at RJ. The occurrence of reproductive disorders was reported in 37% of the studied animals. Estrous repetition (76.2%) and abortion (15.6%) were the most frequent reproductive problems reported. Estrous repetition was more common in older animals (>6 years old). However, an association between abortion and age of animal was not observed, nor an association between breeding system and occurrence of abortion. The present results demonstrated that estrous repetition is the main obstacle to the reproductive efficiency in dairy herds at RJ, and that the replace of older cows by heifers is an important point within reproductive management of a dairy herd.<br/><br/>Key words: dairy cattle, reproductive disorders, repeat breeding. |
| 520 ## - NOTA DE RESUMO | |
| Nota de conteúdo | <br/><br/>RESUMO - A eficiência reprodutiva é um dos principais elementos para qualquer sistema de produção de leite ser bem-sucedida. Neste contexto, o manejo reprodutivo deve ser planejado adequadamente e a identificação das principais desordens reprodutivas que afetam o rebanho é essencial para a tomada de decisão. O objetivo do presente estudo foi identificar os principais problemas reprodutivos que acometem rebanhos leiteiros no Rio de Janeiro (RJ), Brasil. Dados relacionados com a raça, idade, ocorrência de problema reprodutivo e o sistema de acasalamento foram individualmente coletados de vacas leiteiras criadas em 25 fazendas localizadas no RJ. A ocorrência de desordens reprodutivas foi relatada em 37% dos animais estudados. A repetição de estro (76,2%) e abortamento (15,6%) foram os problemas reprodutivos mais frequentemente relatados. A repetição de estro foi mais comum em animais mais velhos (>6 anos). Contudo, uma associação entre abortamento e idade do animal não foi observada, nem uma associação entre o sistema de acasalamento e a ocorrência abortamento. Os presentes resultados demonstraram que a repetição de estro é o principal obstáculo para a eficiência reprodutiva nos rebanhos leiteiros do RJ, e que a substituição de animais mais velhos por novilhas é um importante ponto dentro do manejo reprodutivo de um rebanho leiteiro.<br/><br/>Palavras-chave: gado de leite, problemas reprodutivos, repetição de cio. |
| 650 ## - ASSUNTO - THESAGRO | |
| Cabeçalho tópico ou nome geográfico | VACA LEITEIRA |
| 650 ## - ASSUNTO - THESAGRO | |
| Cabeçalho tópico ou nome geográfico | EFICIÊNCIA REPRODUTIVA |
| 650 ## - ASSUNTO - THESAGRO | |
| Cabeçalho tópico ou nome geográfico | CICLO ESTRAL |
| 650 ## - ASSUNTO - THESAGRO | |
| Cabeçalho tópico ou nome geográfico | RIO DE JANEIRO |
| 773 0# - ENTRADA ANALÍTICA | |
| Host Biblionumber | 2408 |
| Registro do item | 346533 |
| Imprenta | Santa Maria-RS Universidade Federal de Santa Maria - Centro de Ciências Rurais 1991 |
| Outro identificador | 2024-7204 |
| Título | Ciência Rural (Brazil) |
| ISSN | 0103-8478 Versão online ISSN 1678-4596 |
| Colação | v. 47(7) p. 1-4; (2017) |
| Número de controle de registro | BR2024004281 |
| 856 ## - ACESSO E ENDEREÇO ELETRÔNICO | |
| Identificador uniforme de recurso - URI | https://www.scielo.br/j/cr/a/KhcfnDPdKt6BNqd6fwNcbMh/?format=pdf&lang=en |
Nenhum exemplar disponível.

BINAGRI